| 000 | 00853nam a2200325 a 4500 | ||
|---|---|---|---|
| 003 | AR-BaBNM | ||
| 005 | 20251128204733.0 | ||
| 008 | 082120s2002 ||||||||||||||000 | spa|| | ||
| 020 | _a84-7043-726-7 | ||
| 040 | _cAR-BaBNM | ||
| 100 | 1 | _aOtero, Herminio | |
| 245 | 0 | 0 | _aEducar con imágenes |
| 250 | _a2ª ed. | ||
| 260 |
_aMadrid _bCCS _c1994 |
||
| 300 |
_a184 p. _bil. |
||
| 490 | 0 | _aMateriales para educadores | |
| 500 | _aIndice de temas P. 179-180 | ||
| 500 | _aautores de imágenes p. 181 | ||
| 650 | 4 | _aMATERIAL DIDACTICO | |
| 650 | 4 | _aMEDIOS AUDIOVISUALES | |
| 650 | 4 | _aENSEÑANZA AUDIOVISUAL | |
| 650 | 4 | _aMETODOS DE ENSEÑANZA | |
| 650 | 4 | _aMEDIOS DE ENSEÑANZA | |
| 650 | 4 | _aJUVENTUD | |
| 650 | 4 | _aEDUCACION MORAL | |
| 650 | 4 | _aEDUCACION DE ADULTOS | |
| 650 | 4 | _aEDUCACION SENSORIAL | |
| 942 | _cBK | ||
| 998 | _cSOLE | ||
| 999 |
_c8620 _d8620 |
||